000 00462nam a2200169Ia 4500
003 GCL
008 140319s9999 xx 000 0 eng d
040 _aGCL /
_cGCL
082 0 4 _a631.3
_bM A
100 1 _aMATTHEWS, G.A
245 1 0 _aAPPLICATION TECHNOLOGY FOR CROP PROTECTION /
_cMATTHEWS, G.A
700 1 _aHISLOP, E.C
260 _a[S.N] :
_bC. A. B INTERNATIONAL ،
_c1993
300 _a359 P
650 0 4 _aPLANT - PROTECTION OF CROPS
942 _2ddc
_cBK
999 _c16870
_d16870